Gaming Quiz

Random Gaming or Video Games Quiz

Final Fantasy X Aeons Quiz Stats

 Plays Quiz Updated Dec 27, 2019

Support Sporcle.
Go Orange.
Score 0/8 Timer 02:00
0 Plays Today
% Correct
Shiva
94.3%
Ifrit
91.5%
Bahamut
85%
Anima
78.3%
Ixion
75.1%
Valefor
73.2%
Yojimbo
73.1%
Magus sisters
68.7%

From the Vault

MLB Top Home Run Trios (2010s)

by sultanofswing

Sports 8m
Some lineups have no shortage of power hitters.
Remove Ads.
Support Sporcle.
Get the best of Sporcle when you Go Orange. This ad-free experience offers more features, more stats, and more fun while also helping to support Sporcle. Thank you for becoming a member.

Show Comments

Extras

Top Quizzes Today


Score Distribution

Your Account Isn't Verified!

In order to create a playlist on Sporcle, you need to verify the email address you used during registration. Go to your Sporcle Settings to finish the process.

Report this User

Report this user for behavior that violates our Community Guidelines.

Details: